000 00856nam a2200205Ii 4500
003 JO-AjNU
008 230605s9999||||xx |||||||||||||| ||und||
017 _a1972/5821
040 _aJO-AjNU
_bara
_erda
_cJO-AjNU
041 _aara
050 1 4 _aHF5686.C7.H546 1972
100 3 _aنمر،حلمي محمود / م.مشارك: عبدالمنعم محمود,
_eauthor
_913657
245 0 0 _aالأصول العلمية والعملية في محاسبة الشركات:  شركات الاشخاص، ج1
264 3 1 _aالقاهرة: دارالنهضة العربية ، 1972
300 _aج1، 511ص
_bيحتوي على ببلوغرافية من ص507-511ص
336 _atext
_btxt
_2rdacontent
337 _aunmediated
_bn
_2rdamedia
338 _avolume
_bnc
_2rdacarrier
650 4 _aالمحاسبة المالية - محاسبة الشركات
_913658
999 _aA3457
_c7025
_d7025